000 00744nam a2200241Ia 4500
003 OSt
005 20220923220303.0
006 a|||||r|||| 00| 0
007 ta
008 220922b |||||||| |||| 00| 0 hin d
024 _a185,704
037 _cTextual
040 _aARTS
_cARTS
_bhin
041 _2hin
_ahin
082 _aY1:1.2, 152K7
100 _aशर्मा, मनमोहन लाल
245 0 _aभारतीय संस्कृति और साहित्य
246 _aBhāratīya sanskṛuti aur sāhitya
260 _c1967
650 _aसमाजशास्त्र
942 _hY1:1.2, 152K7
_cTEXL
_2CC
999 _c338950
_d338950